000 00289nam a2200109Ia 4500
008 200302s9999 xx 000 0 und d
100 _aAntonio raman
245 _aEero Saarinen an Architecture of Multiplicity
260 _bLaurence King Publishing Ltd.
260 _c2002
300 _a225 P.,
999 _c1973
_d1973